000 00594nam a2200217 a 4500
999 _c3676
_d3676
001 3676
003 BD-JhCC
005 20171116090000.0
008 171116s1983 bg |||| ||a| 000 0 ben d
035 _a(BD-JhCC)3676
040 _aBD-JhCC
_dBD-JhCC
041 _aben
082 _a923.1
_bMAM 1983
100 _aমামুন, হায়াৎ
245 _aনজরুল /
_cহায়াৎ মামুন
260 _aঢাকা :
_bবাংলা একাডেমী,
_c1983.
300 _a163 p. :
_c21 cm.
650 _aBiography
942 _2ddc
_cBK